Normal view
MARC view
- Trucking
Entry Topical Term
001 - CONTROL NUMBER
- control field: 22452
003 - CONTROL NUMBER IDENTIFIER
- control field: NUST
005 - DATE AND TIME OF LATEST TRANSACTION
- control field: 20191002154204.0
008 - FIXED-LENGTH DATA ELEMENTS
- fixed length control field: 191002|| aca||aabn | a|a d
040 ## - CATALOGING SOURCE
- Original cataloging agency: NUST
- Transcribing agency: NUST
150 ## - HEADING--TOPICAL TERM
- Topical term or geographic name entry element: Trucking
- General subdivision: Planning.
670 ## - SOURCE DATA FOUND
- Source citation: Work cat.: (NUST)0: Fischer, Michael J. 22447, Truck trip generation data /, 2001.
